Answers start with G - Statistics

General Stats
  • This quiz has been taken 86 times
  • The average score is 15 of 20
Answer Stats
Hint Answer % Correct
What the green stuff on the ground is Grass
100%
A tall animal Giraffe
99%
Something that is flammable and is useful for cars Gas
97%
A dead person that haunts you Ghost
97%
The opposite of boy Girl
97%
A sharp material used to make stuff like bottles Glass
96%
A liquid capacity that is equal to 3.79 liters Gallon
94%
Another word for present Gift
89%
To swallow hardly Gulp
87%
People do it when they are shocked or surprised Gasp
86%
A place to grow plants, food, and other stuff Garden
81%
Another word for snatch Grab
81%
Another word for big Giant
80%
Boy and Girl Gender
69%
A hole in the middle of something Gap
66%
Give out steady light without flame Glow
61%
A thing you put in the garden Gnome
46%
Something you close Gate
40%
A mythical creature Griffin
30%
A rough, knotty protuberance, especially on a tree Gnarl
17%
No matching quizzes found
Score Distribution
Percent of People with Each Score
Percentile by Number Answered
Your Score History
You have not taken this quiz